000 00693nam a2200217 i 4500
001 11756
003 ES-MaACL
005 20250903014507.0
007 t|
008 961018q19801989xxu ||||1| eng d
020 _a0-486-20429-4
080 _a51(091)
100 1 _aSmith, David Eugene.
_9106860
245 1 0 _aHistory of mathematics /
_cDavid Eugene Smith.
260 _aNew York :
_bDover,
_c[198-?]
300 _a2 v. ;
_c22 cm.
505 8 _aV.I: General survey of the history of elementary mathematics-- V.II: Special topics of elementary mathematics
650 1 4 _aMatemáticas-
_vHistoria
_914826
852 _aES-MaACL
_jL-19051-52
_bR.124579
999 _c11756
_d11756